000 01148naa a22003017a 4500
001 BR9504517
003 BR-BrBNA
005 20240918181355.0
007 ta
008 230509b bl.||||| |||| 00| 0 por d
040 _aBR-BrBNA
_bpor
_cBiblioteca Nacional de Agricultura
041 _a(Pt)
072 _aF04
_b1953
_b3820
_b3830
_b3810
090 _aF04 BR9504517
100 1 _aFontes, P.C.R.
111 1 _aWorkshop sobre potencial forrageiro da alfafa (Medicago sativa L.)nos tropicos
_cJuiz de Fora, MG (Brazil)
_d24-26 May 1991
245 1 _aFertilizacao da cultura de alfafa
260 3 _aCoronel Pacheco, MG (Brasil):
_c1994.
500 _aWorkshop sobre o potencial forrageiro da alfafa (Medicago sativa L.)nos tropicos Coronel Pacheco, MG (Brasil): 1994. p. 99-115 (BR9504517-AM)F04
650 _aAlfafa
650 _aFertilizante
650 _aFosforo
650 _aNitrogenio
650 _aPotassio
773 0 _tWorkshop sobre o potencial forrageiro da alfafa (Medicago sativa L.)nos tropicos
_wF04 BR9504517
_gCoronel Pacheco, MG (Brasil), 1994. p. 99-115
909 _a202404
_bLucia
_c55
_dLucia Elande
942 _cAM
_2AGRIS
999 _c325001
_d325001